| 000 | 00555nam a22001937a 4500 | ||
|---|---|---|---|
| 003 | OSt | ||
| 005 | 20140310182159.0 | ||
| 008 | 130902t xxu||||| |||| 00| 0 eng d | ||
| 020 | _a0030537991 | ||
| 050 |
_aQP 34.5 _b.So689 1990 |
||
| 100 | _aSolomon, Eldra Pearl. | ||
| 245 |
_aBody art to accompany: human anatomy and physiology / _cEldra Pearl Solomon. |
||
| 260 |
_aPhiladelphia : _bSaunders College Publishing, _c1990. |
||
| 300 |
_a176 p. : _bill. ; _c26 cm. |
||
| 521 | _aNUR | ||
| 942 |
_2lcc _cBK _kFOR |
||
| 999 |
_c10177 _d10177 |
||